Niemieckie Filmy - Statystyki

Ogólne statystyki
  • Ten quiz został rozwiązany 121 razy
  • Średni wynik to 5 z 15
Statystyki odpowiedzi
Odpowiedź % Poprawnych
Sisi Sisi
86%
Metropolis Metropolis
77%
Das Experiment Eksperyment
76%
Der Himmel über Berlin Niebo nad Berlinem
50%
Good Bye Lenin! Good Bye Lenin!
48%
Das Cabinet des Dr. Caligari Gabinet doktora Caligari
43%
Nosferatu – Eine Symphonie des Grauens Nosferatu - symfonia grozy
33%
Lola rennt Biegnij Lola, biegnij
20%
Schneewittchen Królewna Śnieżka
19%
Rubinrot Czerwień rubinu
18%
Saphirblau Błękit szafiru
17%
Knockin' on Heaven's Door Pukając do nieba bram
17%
Smaragdgrün Zieleń szmaragdu
17%
Das Leben der Anderen Życie na podsłuchu
9%
Die Bremer Stadtmusikanten Muzykanci z miasta Bremy
8%
Nie znaleziono quizów pasujących do podanych kryteriów
Rozkład punktacji
Procent ludzi z każdym wynikiem
Percentyl według liczby udzielonych odpowiedzi
Twoja historia wyników
Nie rozwiązałeś tego quizu